| 000 | 00533nam a22001937a 4500 | ||
|---|---|---|---|
| 003 | Ost | ||
| 005 | 20221102183012.0 | ||
| 008 | 221102b |||||||| |||| 00| 0 eng d | ||
| 020 | _a8275980267 | ||
| 040 | _cBT-PhCST | ||
| 050 | _aD4348 | ||
| 082 |
_222 _a551.48 _bKIL |
||
| 100 | _aKillingtveit, Anund & Saelthun, Roar, Nils. | ||
| 245 |
_aHydropower development : _bhydrology / |
||
| 260 |
_aNorway : _bNorwegian institute of Technology. , _c1995 |
||
| 300 |
_a213 p. : _bill. ; _c30 cm. |
||
| 440 | _vv. 7 | ||
| 942 |
_2ddc _cRENEWABLE |
||
| 999 |
_c9416 _d9416 |
||